header

Bioenergy feedstocks (Record no. 61453)

MARC details
000 -LEADER
fixed length control field 02046nam a2200433 a 4500
082 04 - DEWEY DECIMAL CLASSIFICATION NUMBER
Classification number 631.5/8
245 00 - TITLE STATEMENT
Title Bioenergy feedstocks
250 ## - EDITION STATEMENT
Edition statement 1st ed.
260 ## - PUBLICATION, DISTRIBUTION, ETC. (IMPRINT)
Place of publication [Hoboken, N.J.] :
Name of publisher Wiley-Blackwell,
Year of publication 2013.
300 ## - PHYSICAL DESCRIPTION
Number of Pages xix, 277 p., [10] p. of plates :
Other physical details ill. (some col.).
490 1# - SERIES STATEMENT
Series statement Biomass and biofuels series
505 0# - FORMATTED CONTENTS NOTE
Formatted contents note Switchgrass genetics and breeding challenges -- Switchgrass genomics -- Germplasm resources of Miscanthus and their application in breeding -- Breeding Miscanthus for bioenergy -- Breeding sorghum as a bioenergy crop -- Energy cane -- Breeding maize for lignocellulosic biofuel production -- Underutilized grasses -- Alfalfa as a biofuel crop -- Transgenics for biomass -- Endophytes in low input agriculture and plant biomass production.
650 #0 - SUBJECT ADDED ENTRY--TOPICAL TERM
Topical Term Energy crops.
Topical Term Energy crops
Topical Term Energy crops
700 1# - ADDED ENTRY--PERSONAL NAME
Personal name Saha, Malay C.
Personal name Bhandari, Hem Singh.
Personal name Bouton, Joseph H.
856 40 - ELECTRONIC LOCATION AND ACCESS
Uniform Resource Identifier http://site.ebrary.com/lib/rucke/Doc?id=10682364

No items available.

© 2026 Rongo University
Contact us: librarian | system librarian | Rongo university